Erotica : (Record no. 23884)
[ view plain ]
| 000 -LEADER | |
|---|---|
| fixed length control field | 01055cam a2200289 a 4500 |
| 001 - CONTROL NUMBER | |
| control field | 2984822 |
| 005 - DATE AND TIME OF LATEST TRANSACTION | |
| control field | 20170127113422.0 |
| 008 - FIXED-LENGTH DATA ELEMENTS--GENERAL INFORMATION | |
| fixed length control field | 920505s1991 enka 000 0 eng |
| 010 ## - LIBRARY OF CONGRESS CONTROL NUMBER | |
| LC control number | 92156167 |
| 020 ## - INTERNATIONAL STANDARD BOOK NUMBER | |
| International Standard Book Number | 0720608228 : |
| Terms of availability | £18.95 |
| 040 ## - CATALOGING SOURCE | |
| Original cataloging agency | DLC |
| Transcribing agency | DLC |
| 043 ## - GEOGRAPHIC AREA CODE | |
| Geographic area code | e-fr--- |
| 050 00 - LIBRARY OF CONGRESS CALL NUMBER | |
| Classification number | NC248 |
| Item number | .C6A4 1991b |
| 100 1# - MAIN ENTRY--PERSONAL NAME | |
| Personal name | Cocteau, Jean, |
| Dates associated with a name | 1889-1963 |
| 245 10 - TITLE STATEMENT | |
| Title | Erotica : |
| Remainder of title | drawings / |
| Statement of responsibility, etc. | Jean Cocteau. |
| 260 ## - PUBLICATION, DISTRIBUTION, ETC. (IMPRINT) | |
| Place of publication, distribution, etc. | London : |
| Name of publisher, distributor, etc. | Peter Owen ; |
| Place of publication, distribution, etc. | Chester Springs, PA : |
| Name of publisher, distributor, etc. | Distributed in the USA by Dufour Editions, |
| Date of publication, distribution, etc. | 1991. |
| 300 ## - PHYSICAL DESCRIPTION | |
| Extent | 109 p. : |
| Other physical details | chiefly ill. ; |
| Dimensions | 28 cm. |
| 600 10 - SUBJECT ADDED ENTRY--PERSONAL NAME | |
| Personal name | Cocteau, Jean, |
| Dates associated with a name | 1889-1963 |
| General subdivision | Themes, motives. |
| 650 #0 - SUBJECT ADDED ENTRY--TOPICAL TERM | |
| Topical term or geographic name as entry element | Erotic drawing |
| Geographic subdivision | France. |
| 942 ## - ADDED ENTRY ELEMENTS (KOHA) | |
| Source of classification or shelving scheme | |
| Koha item type | Hard Covered Materials |
| Classification part | NC248 .C6A4 1991b |
No items available.